000 01091nam a22002297a 4500
999 _c15466
_d15466
003 AR-CdUCM
008 190427b ||||| |||| 00| 0 spa d
040 _aMUNICIPALIDAD PROVINCIAL DEL CUSCO
_cBIBLIOTECA MUNICIPAL DEL CUSCO
082 _a615 /
_bR84 / 1913
100 _aRosado Fernández, Juan
_934549
245 _aTratado Enciclopédico :
_bde Terapéutica escolar, domestica y social /
260 _aZaragoza :
_bTipografia de G. Casañal,
_c1913.
300 _a3 tomos ;
_c20 cm.
500 _at.2: Estudios Pedagógicos. t.3: Accidentes Patológicos.
505 _aContenido: t.2: Algunos conocimientos y consejos sobre substancias alimenticias -- Ponosis mental -- Educación física -- Sueño -- Vacunafobismo -- Tabaquismo -- Onanismo ... -- t.3: Accidentes nerviosos -- Accidentes circulatorios -- Accidentes hemorrágicos -- Accidentes mecánicos -- Accidentes por cuerpos extraños ...
650 _aEducación
_9460
650 _aAlimentación
_919429
650 _aDesarrollo
_92021
650 _aAccidentes
_934550
942 _2ddc
_cLIBROS
945 _aachl
_d2019-04-27